| 000 | 01402cam a22003374a 4500 | ||
|---|---|---|---|
| 001 | 12404655 | ||
| 003 | OSt | ||
| 005 | 20151203100912.0 | ||
| 008 | 010510s2001 nyua 001 0 eng | ||
| 010 | _a 2001035757 | ||
| 020 | _a9780307291172 | ||
| 040 |
_aDLC _cDLC _dDLC |
||
| 042 | _apcc | ||
| 050 | 0 | 0 |
_aQC 174.12 _b.H392 1996 |
| 082 | 0 | 0 |
_aIB 523.1 _bH31 1996 |
| 100 | 1 |
_aHawking, S. W. _q(Stephen W.) |
|
| 245 | 1 | 4 |
_aA brief history of time : _cStephen Hawking _bthe universe in a nutshell |
| 250 | _aUpdated and expanded edition | ||
| 260 |
_aNew York : _bBantam Books, _cc2001. |
||
| 300 |
_aviii, 216 pages. ; _bill. (some col.) ; _c26 cm. |
||
| 500 | _aIncludes index. | ||
| 562 | _efor circulation. 1 copy available in the collection | ||
| 650 | 0 | _aQuantum theory. | |
| 856 | 4 | 2 |
_3Contributor biographical information _uhttp://www.loc.gov/catdir/bios/random053/2001035757.html |
| 856 | 4 | 1 |
_3Sample text _uhttp://www.loc.gov/catdir/samples/random042/2001035757.html |
| 856 | 4 | 2 |
_3Publisher description _uhttp://www.loc.gov/catdir/description/random046/2001035757.html |
| 906 |
_a7 _bcbc _corignew _d1 _eocip _f20 _gy-gencatlg |
||
| 942 |
_2lcc _cBK |
||
| 999 |
_c2161 _d2161 |
||